[Event "PRO League Group Stage"]
[Site "chess.com INT"]
[Date "2018.02.24"]
[Round "7"]
[White "Cornejo, Max"]
[Black "Degraeve, Remy"]
[Result "1-0"]
[WhiteTitle "IM"]
[WhiteElo "2421"]
[BlackElo "2210"]
[WhiteTeam "Rio Grande Ospreys"]
[BlackTeam "Marseille Migraines"]
[WhiteFideId "3801950"]
[BlackFideId "26024560"]
[EventDate "2018.01.18"]

1. e4 d6 2. d4 Nf6 3. Bd3 e5 4. c3 d5 5. dxe5 Nxe4 6. Qe2 Nc5 7. Bc2 Nc6 8. Be3
d4 9. cxd4 Nxd4 10. Bxd4 Qxd4 11. Nc3 Bg4 12. f3 Be6 13. Rd1 Qh4+ 14. Qf2 Qxf2+
15. Kxf2 g5 16. h4 Bg7 17. hxg5 Bxe5 18. Nge2 c6 19. Bxh7 b5 20. f4 Bg7 21. f5
Bc4 22. f6 Bf8 23. Nf4 Ne6 24. Nxe6 Bxe6 25. g6 fxg6 26. Bxg6+ Bf7 27. Rhe1+ 1-0

[Event "PRO League Group Stage"]
[Site "chess.com INT"]
[Date "2018.02.24"]
[Round "7"]
[White "Cornejo, Max"]
[Black "Tania, Sachdev"]
[Result "0-1"]
[WhiteTitle "IM"]
[BlackTitle "IM"]
[WhiteElo "2421"]
[BlackElo "2402"]
[WhiteTeam "Rio Grande Ospreys"]
[BlackTeam "Delhi Dynamite"]
[WhiteFideId "3801950"]
[BlackFideId "5007844"]
[EventDate "2018.01.18"]

1. e4 e5 2. Nf3 Nc6 3. Nc3 Nf6 4. d4 exd4 5. Nxd4 Nxd4 6. Qxd4 d6 7. Be2 Be7 8.
O-O O-O 9. h3 b6 10. Kh2 Bb7 11. f4 Re8 12. Bf3 Nd7 13. Nd5 Bf8 14. Bd2 c6 15.
Nc3 c5 16. Qd3 a6 17. a4 Qc7 18. Nd5 Bxd5 19. Qxd5 Rad8 20. Bc3 Nb8 21. Rad1 Nc6
22. Qc4 a5 23. Rf2 g6 24. Kh1 Bg7 25. Bxg7 Kxg7 26. c3 f6 27. Rfd2 Ne7 28. Qb5
d5 29. exd5 Qxf4 30. Qxb6 Nf5 31. Qxc5 Re3 32. Rd3 Rde8 33. Rxe3 Rxe3 34. Bg4
Ng3+ 35. Kg1 h5 36. Bf3 Qe5 37. Kf2 Nf5 38. Qa7+ Kh6 39. d6 Qg3+ 40. Kf1 Rxf3+
41. gxf3 Qxf3+ 42. Ke1 Ne3 43. Rd3 Qf1+ 44. Kd2 Nc4+ 45. Kc2 Qe2+ 46. Kb3 Qxd3
47. d7 Nd2+ 48. Ka2 Qb1+ 49. Ka3 Qa1# 0-1

[Event "PRO League Group Stage"]
[Site "chess.com INT"]
[Date "2018.02.24"]
[Round "7"]
[White "Cornejo, Max"]
[Black "Stefansson, Hannes"]
[Result "0-1"]
[WhiteTitle "IM"]
[BlackTitle "GM"]
[WhiteElo "2421"]
[BlackElo "2523"]
[WhiteTeam "Rio Grande Ospreys"]
[BlackTeam "Reykjavik Puffins"]
[WhiteFideId "3801950"]
[BlackFideId "2300087"]
[EventDate "2018.01.18"]

1. e4 c5 2. Nf3 Nc6 3. c3 d5 4. exd5 Qxd5 5. d4 Bf5 6. Be2 cxd4 7. cxd4 Bxb1 8.
Rxb1 e6 9. O-O Bd6 10. b3 Nge7 11. Bb2 O-O 12. Ne5 Bxe5 13. dxe5 Rad8 14. Qxd5
Nxd5 15. Rfd1 Nf4 16. Bf3 Rfe8 17. Bxc6 bxc6 18. Rd6 Nd3 19. Bd4 c5 20. Be3 Nxe5
21. Rxd8 Rxd8 22. Bxc5 a6 23. b4 f6 24. a4 Nc4 25. h3 Rd5 26. Ba7 Kf7 27. b5
axb5 28. axb5 Na3 29. b6 Nxb1 30. b7 Rb5 31. b8=Q Rxb8 32. Bxb8 e5 33. Kf1 Ke6
34. Ba7 Nd2+ 35. Ke2 Nc4 36. Kd3 Kd5 37. h4 h5 38. g3 g5 39. Ke2 g4 40. Kd3 Nd6
41. Bb8 Nb5 42. Ke3 Nd4 43. Kd3 Ne6 44. Ke3 f5 45. Ke2 Ke4 46. Bd6 f4 47. Bb8
Nd4+ 48. Kf1 Nf5 49. Kg2 fxg3 50. fxg3 Kd4 51. Kf2 e4 52. Bf4 Kd3 53. Ke1 e3 54.
Be5 Nd4 0-1

[Event "PRO League Group Stage"]
[Site "chess.com INT"]
[Date "2018.02.24"]
[Round "7"]
[White "Lee, Megan"]
[Black "Bordi, Kevin"]
[Result "0-1"]
[WhiteTitle "WIM"]
[WhiteElo "2163"]
[BlackElo "2282"]
[WhiteTeam "Seattle Sluggers"]
[BlackTeam "Cannes Blockbusters"]
[WhiteFideId "2029618"]
[BlackFideId "621862"]
[EventDate "2018.01.18"]

1. e4 d5 2. exd5 Qxd5 3. Nc3 Qa5 4. Bc4 Nf6 5. Nf3 Bg4 6. d3 e6 7. Bd2 Qh5 8.
Ne4 Nxe4 9. dxe4 Nc6 10. Be2 O-O-O 11. c3 Be7 12. Qc2 Ne5 13. Nd4 Bxe2 14. Nxe2
Nd3+ 15. Kf1 Bc5 16. Be1 Qh4 17. Ng3 Qf4 18. Qe2 Nxe1 19. Qxe1 Rd3 20. b4 Bb6
21. c4 Bd4 22. Rc1 Rd8 23. Ne2 Qxe4 24. Rd1 Bxf2 25. Rxd3 Bxe1 26. Rxd8+ Kxd8
27. Kxe1 Qb1+ 0-1

[Event "PRO League Group Stage"]
[Site "chess.com INT"]
[Date "2018.02.24"]
[Round "7"]
[White "Lee, Megan"]
[Black "Manukian, Artak"]
[Result "0-1"]
[WhiteTitle "WIM"]
[WhiteElo "2163"]
[BlackElo "2196"]
[WhiteTeam "Seattle Sluggers"]
[BlackTeam "Armenia Eagles"]
[WhiteFideId "2029618"]
[BlackFideId "13301373"]
[EventDate "2018.01.18"]

1. e4 c5 2. Nc3 e6 3. f4 a6 4. Nf3 Nc6 5. d3 d5 6. Qe2 Nf6 7. e5 Nd7 8. g4 h5 9.
gxh5 Nd4 10. Nxd4 cxd4 11. Nb1 Qh4+ 12. Qf2 Rxh5 13. Nd2 Bc5 14. Nf3 Qxf2+ 15.
Kxf2 g6 16. b3 Nb8 17. Be2 Nc6 18. a3 Bd7 19. b4 Bb6 20. Ng5 Rh8 21. Bb2 Ke7 22.
h4 Na7 23. h5 gxh5 24. Bxh5 Rac8 25. Rac1 Ba4 26. Nxf7 Rh7 27. Ng5 Rhh8 28. Be2
Rcf8 29. Kg3 Nb5 30. Bg4 Nc7 31. Rh7+ Rxh7 32. Nxh7 Rh8 33. Ng5 Be8 34. c3 dxc3
35. Bxc3 Bb5 36. d4 Bd3 37. a4 Bf5 38. Bxf5 exf5 39. Bb2 Ne6 40. Nxe6 Kxe6 41.
a5 Bd8 42. Rg1 Rg8+ 43. Kf2 Bh4+ 44. Kf1 Rxg1+ 45. Kxg1 Be1 46. Ba3 Bd2 47. Kf2
Bxf4 48. Kf3 Bd2 49. Ke2 Bc3 50. Kd3 Be1 51. Ke2 Bh4 52. Kf3 Be7 53. Ke2 f4 54.
Kd3 Kf5 55. Kc3 Ke4 56. Bc1 f3 57. Kd2 Bg5+ 0-1

[Event "PRO League Group Stage"]
[Site "chess.com INT"]
[Date "2018.02.24"]
[Round "7"]
[White "Lee, Megan"]
[Black "Parnali, S Dharia"]
[Result "1-0"]
[WhiteTitle "WIM"]
[BlackTitle "WIM"]
[WhiteElo "2163"]
[BlackElo "2082"]
[WhiteTeam "Seattle Sluggers"]
[BlackTeam "Mumbai Movers"]
[WhiteFideId "2029618"]
[BlackFideId "5043131"]
[EventDate "2018.01.18"]

1. e4 e5 2. Nf3 Nc6 3. Bb5 a6 4. Bxc6 dxc6 5. O-O f6 6. d4 exd4 7. Nxd4 Bd6 8.
f4 Ne7 9. c4 Bc5 10. Qh5+ g6 11. Qxc5 b6 12. Nxc6 bxc5 13. Nxd8 Kxd8 14. Be3 Bb7
15. Nc3 Ke8 16. Bxc5 Rd8 17. Rad1 Kf7 18. Kf2 Rhe8 19. Rxd8 Rxd8 20. Re1 Rd2+
21. Re2 Rd3 22. Nd5 Bxd5 23. exd5 Nf5 24. g3 h5 25. Rc2 g5 26. Ke2 Rd4 27. Bxd4
Nxd4+ 28. Kd3 Nxc2 29. Kxc2 gxf4 30. gxf4 Kg6 31. Kd3 Kf5 32. Ke3 h4 33. b4 Kg4
34. c5 Kh3 35. d6 Kxh2 36. Kf2 cxd6 37. cxd6 a5 38. bxa5 Kh1 39. d7 h3 40. d8=Q
f5 41. Qd1+ 1-0

[Event "PRO League Group Stage"]
[Site "chess.com INT"]
[Date "2018.02.24"]
[Round "7"]
[White "Lee, Megan"]
[Black "Skuhala, Luka"]
[Result "0-1"]
[WhiteTitle "WIM"]
[WhiteElo "2163"]
[BlackElo "2059"]
[WhiteTeam "Seattle Sluggers"]
[BlackTeam "Ljubljana Turtles"]
[WhiteFideId "2029618"]
[BlackFideId "14605678"]
[EventDate "2018.01.18"]

1. e4 c5 2. Nc3 a6 3. Nf3 d6 4. d4 cxd4 5. Nxd4 Nf6 6. Bg5 e6 7. Qd2 Be7 8.
O-O-O h6 9. Be3 Ng4 10. Bc4 Nxe3 11. Qxe3 Nc6 12. Nxc6 bxc6 13. f4 d5 14. exd5
cxd5 15. Rhe1 Qc7 16. Bxd5 Rb8 17. Bb3 O-O 18. g3 Bc5 19. Qe5 Qa7 20. Ne4 Be7
21. g4 a5 22. f5 a4 23. Bc4 Ba6 24. Bxa6 Qxa6 25. f6 gxf6 26. Nxf6+ Bxf6 27.
Qxf6 Qb5 28. h4 Rfc8 29. g5 Qc4 30. Rd2 Qxa2 31. Kd1 Qxb2 32. Qe7 Qb1+ 33. Ke2
Qb5+ 34. Kd1 Qc4 35. Kc1 Qc3 0-1

[Event "PRO League Group Stage"]
[Site "chess.com INT"]
[Date "2018.02.24"]
[Round "7"]
[White "Zhao, Zong-Yuan"]
[Black "Boruchovsky, Avital"]
[Result "0-1"]
[WhiteTitle "GM"]
[BlackTitle "GM"]
[WhiteElo "2537"]
[BlackElo "2542"]
[WhiteTeam "Australia Kangaroos"]
[BlackTeam "Estonia Horses"]
[WhiteFideId "3202534"]
[BlackFideId "2800055"]
[EventDate "2018.01.18"]

1. e4 e5 2. Nf3 Nc6 3. Bb5 a6 4. Ba4 Nf6 5. O-O Nxe4 6. d4 b5 7. Bb3 d5 8. dxe5
Be6 9. Nbd2 Nc5 10. c3 Bf5 11. Nd4 Nxd4 12. cxd4 Ne6 13. Nf3 Be7 14. Be3 Rc8 15.
Bc2 Bxc2 16. Qxc2 c6 17. a4 O-O 18. axb5 axb5 19. Ra7 f5 20. Rfa1 c5 21. dxc5
Bxc5 22. Bxc5 Rxc5 23. Qd2 h6 24. h4 d4 25. R1a6 Qc8 26. Re7 Qxa6 0-1

[Event "PRO League Group Stage"]
[Site "chess.com INT"]
[Date "2018.02.24"]
[Round "7"]
[White "Zhao, Zong-Yuan"]
[Black "Yanchenko, Roman"]
[Result "1-0"]
[WhiteTitle "GM"]
[BlackTitle "FM"]
[WhiteElo "2537"]
[BlackElo "2436"]
[WhiteTeam "Australia Kangaroos"]
[BlackTeam "London Towers"]
[WhiteFideId "3202534"]
[BlackFideId "4137329"]
[EventDate "2018.01.18"]

1. e4 e6 2. d4 d5 3. Nc3 Bb4 4. e5 Ne7 5. a3 Bxc3+ 6. bxc3 b6 7. Qg4 Kf8 8. Nf3
Ba6 9. Bxa6 Nxa6 10. a4 c5 11. O-O Rc8 12. a5 b5 13. Be3 cxd4 14. Nxd4 Rc4 15.
Rfb1 Nc7 16. a6 Nf5 17. Qe2 Nxe3 18. Qxe3 Qd7 19. Ra5 h6 20. Nxb5 Nxb5 21. Raxb5
g5 22. Rb7 Qa4 23. Qxa7 Rf4 24. Qc5+ Kg7 25. a7 Ra8 26. h3 Kg6 27. Kh2 Qe4 28.
Qe3 Qxe3 29. fxe3 Ra4 30. Rf1 f5 31. exf6 R4xa7 32. Rxa7 Rxa7 33. f7 Rxf7 34.
Rxf7 Kxf7 35. Kg3 Kf6 36. Kf3 Ke5 37. e4 dxe4+ 38. Ke3 Kd5 39. g4 Kc4 40. Kxe4
Kxc3 41. Ke5 Kxc2 42. Kxe6 1-0

[Event "PRO League Group Stage"]
[Site "chess.com INT"]
[Date "2018.02.24"]
[Round "7"]
[White "Zhao, Zong-Yuan"]
[Black "Pantsulaia, Levan"]
[Result "0-1"]
[WhiteTitle "GM"]
[BlackTitle "GM"]
[WhiteElo "2537"]
[BlackElo "2605"]
[WhiteTeam "Australia Kangaroos"]
[BlackTeam "Stockholm Snowballs"]
[WhiteFideId "3202534"]
[BlackFideId "13602071"]
[EventDate "2018.01.18"]

1. e4 c5 2. Nf3 e6 3. d4 cxd4 4. Nxd4 a6 5. c4 Nf6 6. Nc3 Qc7 7. a3 Nxe4 8. Nxe4
Qe5 9. Bd3 Qxd4 10. O-O Nc6 11. Be3 Qxb2 12. c5 f5 13. Nd2 Qf6 14. Rb1 Be7 15.
f4 O-O 16. Nc4 Rb8 17. Be2 Rd8 18. Qd3 Qf8 19. Nd6 b5 20. Rfc1 Bb7 21. a4 b4 22.
a5 Nxa5 23. Rxb4 Be4 24. Qa3 Rxb4 25. Qxb4 Nc6 26. Qa3 Bxd6 27. cxd6 a5 28. Bb5
Rb8 29. Bxc6 Bxc6 30. Qxa5 Qxd6 31. Qc5 Qxc5 32. Bxc5 Rb2 33. Bf2 h6 34. g3 g5
35. h4 gxf4 36. gxf4 Kf7 37. Rc3 Kg6 38. Kf1 Kh5 39. Rg3 Rb4 0-1

[Event "PRO League Group Stage"]
[Site "chess.com INT"]
[Date "2018.02.24"]
[Round "7"]
[White "Zhao, Zong-Yuan"]
[Black "Studer, Noel"]
[Result "0-1"]
[WhiteTitle "GM"]
[BlackTitle "GM"]
[WhiteElo "2537"]
[BlackElo "2476"]
[WhiteTeam "Australia Kangaroos"]
[BlackTeam "Riga Magicians"]
[WhiteFideId "3202534"]
[BlackFideId "1319620"]
[EventDate "2018.01.18"]

1. e4 e6 2. d4 d5 3. Nc3 Nf6 4. e5 Nfd7 5. f4 c5 6. Nf3 Nc6 7. Be3 a6 8. Qd2 b5
9. a3 Qa5 10. Ra2 Qc7 11. Be2 Bb7 12. O-O Be7 13. Nd1 cxd4 14. Nxd4 Nc5 15. Nf2
O-O 16. Raa1 Rfd8 17. Nxc6 Qxc6 18. Bd4 Ne4 19. Qd3 Rac8 20. c3 Bc5 21. Rfd1 Qb6
22. Bf3 f5 23. exf6 Nxf6 24. Qe3 Re8 25. Nd3 Bxd4 26. cxd4 Ne4 27. Bxe4 dxe4 28.
Nc5 Bd5 29. Rd2 Red8 30. b4 a5 31. Re1 axb4 32. axb4 Rd6 33. Ra1 Ra8 34. Rxa8+
Bxa8 35. Ra2 Bd5 36. Ra6 Qb8 37. Ra5 Qe8 38. Nxe4 Rd8 39. Nc3 Bc4 40. Ra7 Qg6
41. Qe5 h6 42. h3 Rf8 43. Kh2 Bf1 44. Ra2 Rf5 45. Qe4 Bc4 46. Ra8+ Kh7 47. g4
Rf7 48. Rh8+ Kxh8 49. Qxg6 Rxf4 50. Qe8+ Kh7 51. Qd8 Rf3 52. Ne4 Bd5 53. Nc5
Rf2+ 54. Kg1 Rg2+ 55. Kf1 Rg3 56. Qe7 Rf3+ 57. Kg1 Rg3+ 58. Kf2 Rf3+ 59. Ke2 Rf6
60. Qxe6 Bxe6 0-1

[Event "PRO League Group Stage"]
[Site "chess.com INT"]
[Date "2018.02.24"]
[Round "7"]
[White "Haria, Ravi"]
[Black "Chandra, Akshat"]
[Result "1-0"]
[WhiteTitle "IM"]
[BlackTitle "GM"]
[WhiteElo "2374"]
[BlackElo "2510"]
[WhiteTeam "London Lions"]
[BlackTeam "Saint Louis Arch Bishops"]
[WhiteFideId "415820"]
[BlackFideId "25006711"]
[EventDate "2018.01.18"]

1. Nf3 Nf6 2. g3 b6 3. Bg2 Bb7 4. c4 g6 5. d4 Bg7 6. O-O O-O 7. d5 Qe8 8. Nc3 e5
9. Ne1 d6 10. Bd2 a5 11. a3 a4 12. Nb5 Qe7 13. Nd3 Rc8 14. Nc3 Qe8 15. e4 Ba6
16. b3 axb3 17. Qxb3 Nbd7 18. Nb5 Qd8 19. a4 Nc5 20. Nxc5 bxc5 21. Bc3 Qd7 22.
Qc2 Ne8 23. h4 c6 24. dxc6 Qxc6 25. Rfd1 Bf8 26. f4 Bg7 27. Rd5 Bb7 28. fxe5
Bxe5 29. Bxe5 dxe5 30. Qc3 Nc7 31. Rxe5 Ne6 32. Rf1 Rxa4 33. Rd5 Qb6 34. Rd7 Rf8
35. Qf6 Raa8 36. Rxf7 Rxf7 37. Qxf7+ Kh8 38. Qf6+ Kg8 39. Bh3 Bc8 40. h5 gxh5
41. Qf7+ Kh8 42. Qe8+ Kg7 43. Rf7+ Kh6 44. Rf6+ Kg5 45. Rf5+ Kh6 46. Qxh5+ Kg7
47. Rf7+ 1-0

[Event "PRO League Group Stage"]
[Site "chess.com INT"]
[Date "2018.02.24"]
[Round "7"]
[White "Haria, Ravi"]
[Black "Altounian, Levon"]
[Result "1-0"]
[WhiteTitle "IM"]
[BlackTitle "IM"]
[WhiteElo "2374"]
[BlackElo "2443"]
[WhiteTeam "London Lions"]
[BlackTeam "Las Vegas Desert Rats"]
[WhiteFideId "415820"]
[BlackFideId "2011298"]
[EventDate "2018.01.18"]

1. Nf3 d5 2. g3 g6 3. Bg2 Bg7 4. d4 Nf6 5. O-O c6 6. c4 dxc4 7. Nbd2 b5 8. a4
Bb7 9. e4 O-O 10. e5 Nd5 11. Ne4 Nd7 12. h4 b4 13. h5 c5 14. Nfg5 cxd4 15. e6
Ne5 16. exf7+ Nxf7 17. Ne6 Qa5 18. Nxg7 Kxg7 19. Qxd4+ e5 20. h6+ Kh8 21. Qxc4
Ba6 22. Qc5 Qxc5 23. Nxc5 Bxf1 24. Bxd5 Bh3 25. Bxa8 Rxa8 26. a5 g5 27. a6 Rc8
28. Be3 Nxh6 29. Bxg5 Nf7 30. Be3 Nd6 31. Nd3 Nb5 32. Nxb4 Rc4 33. Nd3 e4 34.
Ne5 Rb4 35. Nc6 Rxb2 36. Nxa7 Nc7 37. Bd4+ 1-0

[Event "PRO League Group Stage"]
[Site "chess.com INT"]
[Date "2018.02.24"]
[Round "7"]
[White "Haria, Ravi"]
[Black "Becerra Rivero, Julio"]
[Result "0-1"]
[WhiteTitle "IM"]
[BlackTitle "GM"]
[WhiteElo "2374"]
[BlackElo "2531"]
[WhiteTeam "London Lions"]
[BlackTeam "Miami Champions"]
[WhiteFideId "415820"]
[BlackFideId "3501728"]
[EventDate "2018.01.18"]

1. Nf3 Nf6 2. g3 g6 3. b3 Bg7 4. Bb2 b6 5. Bg2 Bb7 6. O-O c5 7. c4 O-O 8. d4
cxd4 9. Qxd4 d6 10. Qe3 Nbd7 11. Nc3 a6 12. Rfd1 Rc8 13. h3 Re8 14. Rac1 Rc7 15.
Qd2 Qa8 16. Ne1 Rec8 17. Bxb7 Qxb7 18. Ng2 Ne4 19. Nxe4 Qxe4 20. Bxg7 Kxg7 21.
Nf4 Nf6 22. f3 Qe5 23. Kg2 b5 24. Nd3 Qd4 25. Nb2 Qxd2 26. Rxd2 d5 27. Rdc2 dxc4
28. bxc4 Nd5 29. Kf2 Nb4 30. Rd2 bxc4 31. Rd4 Nxa2 32. Rcxc4 Rxc4 33. Nxc4 Nc3
34. Ne3 Rc7 35. Rd8 Ra7 36. Rd3 Nb5 37. Nc4 Rc7 38. Na5 Nd6 39. e4 Rc5 40. Nb3
Rc2+ 41. Ke3 Ra2 42. e5 Nf5+ 43. Ke4 Nxg3+ 44. Kd5 Nf5 45. e6 fxe6+ 46. Kxe6 Ra3
47. Kd7 a5 48. Nc5 Rxd3+ 49. Nxd3 a4 50. Nb4 a3 51. Ke6 Nd4+ 52. Kxe7 Nc6+ 0-1

[Event "PRO League Group Stage"]
[Site "chess.com INT"]
[Date "2018.02.24"]
[Round "7"]
[White "Haria, Ravi"]
[Black "Brown, Michael William"]
[Result "0-1"]
[WhiteTitle "IM"]
[BlackTitle "IM"]
[WhiteElo "2374"]
[BlackElo "2506"]
[WhiteTeam "London Lions"]
[BlackTeam "San Diego Surfers"]
[WhiteFideId "415820"]
[BlackFideId "2037602"]
[EventDate "2018.01.18"]

1. Nf3 d5 2. g3 Bg4 3. Bg2 Nd7 4. O-O e6 5. h3 Bh5 6. d4 Ngf6 7. c4 c6 8. cxd5
exd5 9. Qb3 Qb6 10. Qe3+ Be7 11. Nh4 Bg6 12. b3 Kf8 13. Nc3 Re8 14. Nxg6+ hxg6
15. Qd3 Bb4 16. Bd2 Bxc3 17. Bxc3 Ne4 18. Bb2 Kg8 19. a4 a6 20. Ba3 Ng5 21. h4
Ne6 22. Rfd1 g5 23. hxg5 Nxg5 24. Bc1 Ne4 25. Bf4 Ndf6 26. f3 g5 27. a5 Qd8 28.
Be5 Nd6 29. e4 Nb5 30. Qd2 Rh5 31. g4 Rh6 32. Qxg5+ Rg6 33. Qh4 dxe4 34. f4 Nh7
35. Qxd8 Rxd8 36. g5 Nc3 37. Re1 f6 38. gxf6 Kf7 39. Kf2 Rdg8 40. Bf1 Nxf6 41.
Bc4+ Ncd5 42. Bxf6 Kxf6 43. Bf1 Kf5 44. Bh3+ Kxf4 45. Ke2 Rg3 46. Rf1+ Rf3 47.
Rxf3+ exf3+ 48. Kf2 Nc3 49. Bf1 Ne4+ 50. Ke1 Rg1 51. Ra2 Ke3 52. d5 f2+ 53. Rxf2
Nxf2 54. d6 Nd3+ 55. Kd1 Rxf1+ 56. Kc2 Rc1# 0-1

[Event "PRO League Group Stage"]
[Site "chess.com INT"]
[Date "2018.02.24"]
[Round "7"]
[White "Brown, Michael William"]
[Black "Bernotas, Arturs"]
[Result "1-0"]
[WhiteTitle "IM"]
[BlackTitle "FM"]
[WhiteElo "2506"]
[BlackElo "2430"]
[WhiteTeam "San Diego Surfers"]
[BlackTeam "Riga Magicians"]
[WhiteFideId "2037602"]
[BlackFideId "11601426"]
[EventDate "2018.01.18"]

1. d4 Nf6 2. c4 e6 3. Nc3 Bb4 4. Qc2 d5 5. a3 Bxc3+ 6. Qxc3 c5 7. dxc5 d4 8. Qg3
Nc6 9. Nf3 a5 10. e3 O-O 11. exd4 Nxd4 12. Nxd4 Qxd4 13. Qe3 e5 14. Be2 Be6 15.
O-O Rfd8 16. h3 Bxc4 17. Bxc4 Qxc4 18. Qxe5 Re8 19. Qf5 Nd5 20. Bg5 f6 21. Rac1
Qb3 22. Bd2 Re5 23. Qc2 Qxc2 24. Rxc2 Re2 25. Re1 Rxe1+ 26. Bxe1 Kf7 27. Rc4 a4
28. Kf1 Ra6 29. Ke2 Ke6 30. Kd3 Kd7 31. Rd4 Kc6 32. Kc4 b5+ 33. cxb6 Nxb6+ 34.
Kd3 Ra8 35. Bc3 Nd7 36. Bb4 Nb6 37. Re4 Rd8+ 38. Kc2 Nd5 39. Bd2 Ra8 40. Re6+
Kb5 41. Rd6 Kc4 42. Rd7 Re8 43. Rxg7 Re2 44. Rg4+ Kb5 45. Rd4 Nb6 46. Rb4+ Kc6
47. Kd3 Re6 48. Be3 Rd6+ 49. Kc2 Nd5 50. Rxa4 Kb5 51. Rh4 f5 52. Rxh7 f4 53. Bd2
Kc4 54. Rf7 Rg6 55. Bxf4 Rxg2 56. b3+ Kd4 57. Bg3 Ne3+ 58. Kc1 Nd5 59. Kb2 Rg1
60. a4 Kc5 61. Rf5 Kc6 62. h4 Rh1 63. h5 Nb4 64. Rf6+ Kd5 65. h6 Nd3+ 66. Kc3
Nc5 67. Rf5+ Kc6 68. Bf4 Rh3+ 69. Kc4 Nxb3 70. Be3 Kb7 71. Kxb3 1-0

[Event "PRO League Group Stage"]
[Site "chess.com INT"]
[Date "2018.02.24"]
[Round "7"]
[White "Brown, Michael William"]
[Black "Blomqvist, Erik"]
[Result "1/2-1/2"]
[WhiteTitle "IM"]
[BlackTitle "GM"]
[WhiteElo "2506"]
[BlackElo "2502"]
[WhiteTeam "San Diego Surfers"]
[BlackTeam "Stockholm Snowballs"]
[WhiteFideId "2037602"]
[BlackFideId "1709437"]
[EventDate "2018.01.18"]

1. d4 Nf6 2. c4 e6 3. Nc3 Bb4 4. Qc2 c5 5. dxc5 O-O 6. Nf3 Na6 7. g3 Nxc5 8. Bg2
b6 9. O-O Bb7 10. Nb5 Be4 11. Qd1 Nb7 12. a3 Be7 13. Bf4 Rc8 14. Rc1 a6 15. Nc3
Bc6 16. b4 a5 17. Qb3 axb4 18. axb4 Nd6 19. Bxd6 Bxd6 20. Rfd1 Qe7 21. Rb1 Ne4
22. Nd4 Nxc3 23. Qxc3 Bxg2 24. Kxg2 Be5 25. Qe3 Bxd4 26. Rxd4 Rc7 27. Qe5 Rfc8
28. Qb5 Rc6 29. Ra1 e5 30. Re4 d6 31. g4 g6 32. Qd5 Kg7 33. f4 f6 34. Rd1 Qf7
35. Qb5 Rxc4 36. Rxc4 Qxc4 37. Qxc4 Rxc4 38. Rxd6 Rxb4 39. fxe5 fxe5 40. Kf3
Rf4+ 41. Kg3 Rb4 42. Kf3 h5 43. h3 hxg4+ 44. hxg4 Kh6 45. Re6 Rf4+ 46. Kg3 Re4
47. Kf3 Rf4+ 48. Kg3 Re4 49. Kf3 Rf4+ 1/2-1/2

[Event "PRO League Group Stage"]
[Site "chess.com INT"]
[Date "2018.02.24"]
[Round "7"]
[White "Brown, Michael William"]
[Black "Ehlvest, Jaan"]
[Result "1-0"]
[WhiteTitle "IM"]
[BlackTitle "GM"]
[WhiteElo "2506"]
[BlackElo "2536"]
[WhiteTeam "San Diego Surfers"]
[BlackTeam "Estonia Horses"]
[WhiteFideId "2037602"]
[BlackFideId "4500016"]
[EventDate "2018.01.18"]

1. d4 d5 2. c4 e6 3. Nf3 a6 4. e3 Nf6 5. Bd3 dxc4 6. Bxc4 b5 7. Bb3 Bb7 8. a4 b4
9. O-O c5 10. dxc5 Nbd7 11. Qe2 Nxc5 12. Bc4 Bd6 13. b3 O-O 14. Bb2 Qe7 15. Nd4
Nfd7 16. Nd2 f5 17. f4 Kh8 18. Rad1 e5 19. fxe5 Qxe5 20. N2f3 Qe7 21. Ne1 Be4
22. Nd3 Qh4 23. Nf4 Qh6 24. g3 Rae8 25. Qf2 Ne5 26. Be2 Kg8 27. h4 Bb7 28. Qh2
Bb8 29. Bc1 Ne4 30. Bd2 Nxd2 31. Rxd2 Ba7 32. Rc1 Bb6 33. Qf2 Qf6 34. Nd3 a5 35.
Nc5 Ba8 36. Qf4 Ng6 37. Qf2 Qe7 38. Bc4+ Kh8 39. Nce6 Qb7 40. Qh2 Rf6 41. h5 Ne5
42. Nf4 Ng4 43. Qh4 Rxe3 44. Bd5 Qb8 45. Bxa8 Qxa8 46. Qh3 Qe8 47. Kf1 Rc3 48.
Re1 Ne3+ 49. Kf2 Rd6 50. Nfe2 Ng4+ 51. Kf1 Qe3 52. Nf4 Bxd4 53. Rxe3 Nxe3+ 54.
Ke2 Ng4 55. Qg2 Re3+ 56. Kd1 Re8 57. Qb7 Ne3+ 58. Kc1 Rdd8 59. h6 gxh6 60. Ne2
Rc8+ 61. Kb1 Bg7 62. Qf3 Nd1 63. Rxd1 1-0

[Event "PRO League Group Stage"]
[Site "chess.com INT"]
[Date "2018.02.24"]
[Round "7"]
[White "Brown, Michael William"]
[Black "Gorodetzky, David"]
[Result "1-0"]
[WhiteTitle "IM"]
[BlackTitle "FM"]
[WhiteElo "2506"]
[BlackElo "2411"]
[WhiteTeam "San Diego Surfers"]
[BlackTeam "London Towers"]
[WhiteFideId "2037602"]
[BlackFideId "2813416"]
[EventDate "2018.01.18"]

1. d4 d6 2. Nf3 g6 3. c4 Bg7 4. Nc3 e6 5. e4 h6 6. Be3 Nd7 7. Qd2 b6 8. Bd3 Bb7
9. Rd1 a6 10. a3 Ne7 11. h3 Rb8 12. O-O g5 13. h4 g4 14. Nh2 h5 15. g3 c5 16. d5
Ne5 17. Be2 exd5 18. cxd5 Rg8 19. Bg5 Qd7 20. f4 gxf3 21. Bxf3 Nxf3+ 22. Rxf3
Ng6 23. Qe2 Bd4+ 24. Kh1 Ne5 25. Rf5 Bc8 26. Rdf1 Bxc3 27. bxc3 Qa4 28. Rf6 Bh3
29. Re1 Rd8 30. Bf4 Qc4 31. Qxc4 Nxc4 32. Nf3 Ke7 33. Bg5 Kf8 34. Bh6+ Ke7 35.
Bg5 Kf8 36. e5 Kg7 37. Bh6+ Kh8 38. Ng5 Nxe5 39. Nxh3 Rxg3 40. Ng5 Kg8 41. c4
Rg4 42. Rxe5 dxe5 43. Nxf7 Re8 44. Nd6 Rxh4+ 45. Kg2 Rg4+ 46. Kf3 Re7 47. Rf8+
Kh7 48. Nf5 e4+ 49. Ke3 Rd7 50. Bf4 h4 51. Kxe4 h3 52. Kf3 Rg1 53. Rf6 Kg8 54.
d6 Rf1+ 55. Ke4 Re1+ 56. Ne3 b5 57. Rh6 Rh1 58. Kd5 h2 59. Rxh2 Re1 60. Kc6 Rd8
61. d7 bxc4 62. Bg5 Rf8 63. Nxc4 Rd1 64. Nd6 c4 65. d8=Q Rxd8 66. Bxd8 c3 67.
Rc2 Rd3 68. Bf6 Rd2 69. Rxc3 Kh7 70. Rg3 Rc2+ 71. Kd7 Re2 72. Be7 a5 73. Ke8 a4
74. Kf7 Rh2 75. Rg7+ Kh8 76. Bf6 Rh5 77. Rg8+ 1-0